| 000 | 01066nam a2200265 a 4500 | ||
|---|---|---|---|
| 008 | 200806s2018 ||||||||||||||||| || u | ||
| 020 | _a9781108459297 | ||
| 050 | _aHD 57.7 Mue | ||
| 100 | _aFitzgerald, Martin | ||
| 245 | 1 | 0 |
_aLeadership : regional and global perspectives _cBy Nuttawuth Muenjohn; Adela McMurray; Mario Fernando; James Hunt; Martin Fitzgerald; Bernard mcKenna; Ali Intezari; Sarah Bankins; Jennifer Waterhouse |
| 260 |
_aCambridge _bCambridge University Press _c2018 |
||
| 300 | _axviii, 414 pages : illustrations | ||
| 650 | _aORGANIZATIONAL EFFECTIVENESS | ||
| 650 | 0 | _aLEADERSHIP | |
| 650 | 0 | _aINDUSTRIAL MANAGEMENT | |
| 700 | _aHunt, James | ||
| 700 | _aFernando, Mario | ||
| 700 | _aMcMurray, Adela | ||
| 700 | _amcKenna, Bernard | ||
| 700 | _aMuenjohn, Nuttawuth | ||
| 700 | _aIntezari, Ali | ||
| 700 | _aBankins, Sarah | ||
| 700 | _aWaterhouse, Jennifer | ||
| 995 |
_D71.12 _FCBU-MAIN LIBRARY (Kitwe) _M1 _UAVAILABLE _WAug 7, 2020 _ZMain Library Open Access Collection |
||
| 999 |
_c48986 _d48986 |
||